| 000 | 00419cam a2200181 4500 | ||
|---|---|---|---|
| 001 | D9173 | ||
| 008 | 090401t1951 xxu||||| |||| 00| 0 eng d | ||
| 035 | _a(Sirsi) u17785 | ||
| 041 | _aeng | ||
| 050 | _a634.928 | ||
| 100 | _aTaylor, Sir William Ling | ||
| 245 | _aEstate forestry | ||
| 260 |
_aLondon _bCrosby Lockwood _c1951 |
||
| 300 | _axi. 200p. ill. 22cm | ||
| 350 | _a0 | ||
| 942 | _n0 | ||
| 948 | _c04/03/1997 | ||
| 999 |
_c87548 _d87548 |
||